000 00523nam a2200193Ia 4500
008 240510s9999 xx 000 0 und d
020 _a0003540608052
041 _aEng
082 _a006.3
082 _bI57
100 _aWooldridge, M. (et-al)(Eds)
245 0 _aIntelligent agents II :agent Theories, Architectures, and Languages : lecture notes in computer science
260 _bSpringer: Tokyo
260 _c1995
300 _a437 p.
650 _aartificial intelligence :
942 _2ddc
942 _cLBK
999 _c27514
_d27514
945 _a1
_bMadushi Gamage
_c1
_dMadushi Gamage